Logo biblioteca
Santa Fe 2917, Rosario, Santa Fe
Lu-Vi 8 a 19.45
+54-341-4232362
bibliotecaeudoro@gmail.com
Facebook Biblioteca Pedagógica
Sitio web

Tiempo de aventura. (Registro nro. 32712)

Detalles MARC
000 -CABECERA
campo fijo de control de longitud 00797nam a22002417a 4500
001 - NÚMERO DE CONTROL
campo de control 32712
003 - IDENTIFICADOR DEL NÚMERO DE CONTROL
campo de control AR-RoBPED
005 - FECHA Y HORADE LA ULTIMA TRANSACCION
campo de control 20260507152057.0
008 - ELEMENTOS DE LONGITUD FIJA--INFORMACION GENERAL
campo fijo de control de longitud 260506s1985 ag a|||b |||| 001 0 spa d
020 ## - ISBN
ISBN 9502105478
040 ## - FUENTE CATALOGADORA
Centro catalogador/agencia de origen AR-RoBPED
041 ## - IDIOMA
Código de idioma para texto/pista de sonido o título independiente spa
100 1# - ENCABEZAMIENTO PRINCIPAL--AUTOR PERSONAL
Nombre de persona Menghi, Luis Alberto
9 (RLIN) 1462
245 1# - TITULO
Título Tiempo de aventura.
Número, parte, sección 5 /
Mención de responsabilidad Luis Alberto Menghi, Maria Luisa de Luján Campos ; [ilustraciones Ricardo Vega]
260 ## - PUBLICACION
Lugar Buenos Aires :
Editor Plus Ultra,
Fecha 1985.
300 ## - DESCRIPCION FISICA
Extensión 207 p. :
Otros detalles físicos il. col.
650 #4 - TERMINO DE MATERIA--CONTROLADO
Término controlado ARCHIVO INFANTIL
9 (RLIN) 24464
Término controlado LIBROS DE LECTURA
9 (RLIN) 15325
Término controlado QUINTO GRADO
9 (RLIN) 1623
700 1# - ENCABEZAMIENTO SECUNDARIO--AUTOR PERSONAL
Nombre de persona Luján Campos, María Luisa de
9 (RLIN) 17419
Función autora
942 ## - ELEMENTOS KOHA
Fuente de clasificación Universal Decimal Classification
Número Koha k. 32712
Koha tipo de ítem Libro
Clasificación 372.4
Pre signatura IA
Signatura librística M 42t
N° inventario inv. 42432
945 ## - PROCESAMIENTO DE LA INFORMACIÓN LOCAL
Catalogador y fecha mm 06/05/2026 - lgc 07/05/2026
Existencias
Estado retirado Estado perdido Fuente de clasificación Estado dañado No se presta Biblioteca propietaria Biblioteca de reserva Fecha de adquisición Total de préstamos Signatura topográfica completa Código de barras (nº de inventario) Fecha visto por última vez Catalogador y fecha Tipo de ítem Koha Nota pública
    Universal Decimal Classification   No se presta Biblioteca Pedagógica Eudoro Díaz Biblioteca Pedagógica Eudoro Díaz 05/05/2026   IA 372.4 M 42t 42432 06/05/2026 mm 06/05/2026 Libro No se presta a domicilio.